[Event "DM Kandidatklassen 2026"]
[Site "Svendborg"]
[Date "2026.04.03"]
[Round "4.7"]
[White "Lilja, Richard"]
[Black "Sorensen, Michael D F"]
[Result "1-0"]
[WhiteElo "2074"]
[BlackElo "2041"]
[WhiteFideId "1403109"]
[BlackFideId "1404660"]
[EventDate "2026.03.31"]
[EventType "swiss"]
[EventRounds "7"]
[EventCountry "DEN"]
[SourceTitle "Live v. Kasper Jerwiarz"]

1. e4 e5 2. Nf3 Nc6 3. Nc3 Nf6 4. Bb5 d6 5. d4 exd4 6. Nxd4 Bd7 7. O-O Nxd4 8. Qxd4 Bxb5 9. Nxb5 a6 10. Nc3 Be7 11. Bg5 O-O 12. Rad1 h6 13. Bf4 Re8 14. Rfe1 Bf8 15. h3 Nd7 16. Nd5 Nc5 17. Bg3 Ne6 18. Qc3 Rc8 19. f3 Kh8 20. Kh1 h5 21. f4 Be7 22. Qf3 g6 23. f5 Ng5 24. Qf4 Nh7 25. fxg6 fxg6 26. e5 Bg5 27. Qd4 Kg8 28. exd6 Rxe1+ 29. Rxe1 cxd6 30. Qe4 Nf8 31. h4 Bf6 32. Rf1 Be5 33. Bxe5 dxe5 34. Nf6+ Kh8 35. Qxe5 Qc7 36. Qxc7 Rxc7 37. Nd5 Rd7 38. Rxf8+ Kg7 39. Rb8 Rxd5 40. Rxb7+ Kh6 41. Kh2 Rd2 42. Rc7 Rd6 43. Rc4 g5 44. hxg5+ Kxg5 45. Kg3 Rf6 46. Rd4 Rc6 47. c4 Re6 48. Rd5+ Kg6 49. b3 Re2 50. Rd6+ Kg5 51. Rxa6 h4+ 52. Kf3 Rc2 53. Ra5+ Kg6 54. Re5 Rxa2 55. Re2 Ra3 56. Re3 Kf5 57. c5 Ra1 58. Rc3 Rf1+ 59. Ke2 Rb1 60. c6 Ke4 61. c7 Rb2+ 62. Kf1 Rb1+ 63. Kf2 Rb2+ 64. Kg1 Kd5 1-0

[Event "DM Kandidatklassen 2026"]
[Site "Svendborg"]
[Date "2026.04.03"]
[Round "4.8"]
[White "Nielsen Refs, Karl Emil Elmer"]
[Black "Gregor, Bjarke"]
[Result "1/2-1/2"]
[WhiteElo "2161"]
[BlackElo "2121"]
[WhiteFideId "1452797"]
[BlackFideId "1423401"]
[EventDate "2026.03.31"]
[EventType "swiss"]
[EventRounds "7"]
[EventCountry "DEN"]
[SourceTitle "Live v. Kasper Jerwiarz"]

1. d4 Nf6 2. c4 e6 3. Nc3 Bb4 4. e3 O-O 5. Bd3 d5 6. cxd5 exd5 7. Ne2 Re8 8. O-O Bd6 9. a3 Nbd7 10. h3 a5 11. Qc2 c5 12. Nf4 c4 13. Be2 Bxf4 14. exf4 Nf8 15. Bf3 Ng6 16. g4 Nh4 17. Bh1 Nxg4 18. hxg4 Bxg4 19. f3 Bh3 20. Rd1 Ra6 21. Qh2 Rg6+ 22. Kf2 Bg2 23. Bxg2 Rxg2+ 24. Qxg2 Nxg2 25. Kxg2 Qf6 26. Nxd5 Qg6+ 27. Kf2 Qh5 28. Ne3 Qh4+ 29. Kg2 Qxf4 30. d5 h5 31. Ng4 Re2+ 32. Nf2 Qh4 33. Rf1 f5 34. d6 f4 35. d7 Qg3+ 36. Kh1 Qxf3+ 37. Kg1 Qg3+ 38. Kh1 Qh4+ 39. Kg1 Qg5+ 40. Kh1 Qh4+ 41. Kg1 Qg3+ 1/2-1/2

[Event "DM Kandidatklassen 2026"]
[Site "Svendborg"]
[Date "2026.04.03"]
[Round "4.9"]
[White "Zander, Emil"]
[Black "Pirtac, Alexandru"]
[Result "1/2-1/2"]
[WhiteElo "2205"]
[BlackElo "2027"]
[WhiteFideId "1467123"]
[BlackFideId "13912143"]
[EventDate "2026.03.31"]
[EventType "swiss"]
[EventRounds "7"]
[EventCountry "DEN"]
[SourceTitle "Live v. Kasper Jerwiarz"]

1. e4 c5 2. Nf3 e6 3. b3 Nf6 4. e5 Nd5 5. Nc3 Nc6 6. Bb2 Nxc3 7. dxc3 d5 8. Qe2 Qc7 9. O-O-O Bd7 10. c4 d4 11. Kb1 a6 12. c3 dxc3 13. Bxc3 b5 14. Qe4 b4 15. Bb2 a5 16. Be2 Be7 17. h4 a4 18. Rh3 Ra6 19. Ng5 Nd4 20. Bxd4 cxd4 21. Qxd4 axb3 22. axb3 Bc5 23. Qd3 Qa7 24. Kc1 Ra2 25. Qxd7+ Qxd7 26. Rxd7 Kxd7 27. Bf3 Ke7 28. Bc6 Rd8 29. Ne4 Bd4 30. f4 f6 31. Rg3 Re2 32. Kd1 Rxe4 33. Bxe4 fxe5 34. fxe5 Bxe5+ 35. Rd3 Rxd3+ 36. Bxd3 h6 37. Ke2 Bg3 38. h5 Kf6 39. Kf3 Bc7 40. Ke4 1/2-1/2

[Event "DM Kandidatklassen 2026"]
[Site "Svendborg"]
[Date "2026.04.03"]
[Round "4.10"]
[White "Jacobsen, Samuel Bro"]
[Black "Boje, Tobias Rosholm"]
[Result "0-1"]
[WhiteElo "2099"]
[BlackElo "2130"]
[WhiteFideId "1480740"]
[BlackFideId "1413643"]
[EventDate "2026.03.31"]
[EventType "swiss"]
[EventRounds "7"]
[EventCountry "DEN"]
[SourceTitle "Live v. Kasper Jerwiarz"]

1. e4 c6 2. d4 d5 3. Nd2 dxe4 4. Nxe4 Bf5 5. Ng3 Bg6 6. h4 h6 7. Nf3 Nd7 8. h5 Bh7 9. Bd3 Bxd3 10. Qxd3 e6 11. Bd2 Ngf6 12. O-O-O Be7 13. Ne4 Nxe4 14. Qxe4 Nf6 15. Qe2 Qd5 16. c4 Qe4 17. Qxe4 Nxe4 18. Be3 O-O 19. g4 f5 20. Nd2 Nxd2 21. Bxd2 fxg4 22. Rhg1 Rxf2 23. Rxg4 Kf7 24. Bc3 Bg5+ 25. Kb1 Rd8 26. Re1 Rf5 27. Rge4 Bf6 28. Rxe6 Rxh5 29. d5 Bxc3 30. bxc3 cxd5 31. cxd5 Rdxd5 32. Re7+ Kg8 33. Rxb7 Rb5+ 34. Rxb5 Rxb5+ 35. Kc2 h5 36. c4 Ra5 37. Kb3 h4 38. a4 Rh5 39. Kb4 a5+ 40. Kc3 h3 41. Kd4 h2 42. Rh1 Kf7 43. c5 Ke6 44. Kc4 g5 45. Kb5 g4 46. Kb6 g3 47. c6 g2 48. c7 g1=Q+ 0-1

[Event "DM Kandidatklassen 2026"]
[Site "Svendborg"]
[Date "2026.04.03"]
[Round "4.11"]
[White "Fyhn, Buster Hulthin"]
[Black "Snedker, Oliver Kaehne"]
[Result "0-1"]
[WhiteElo "2050"]
[BlackElo "2014"]
[WhiteFideId "1481800"]
[BlackFideId "1470051"]
[EventDate "2026.03.31"]
[EventType "swiss"]
[EventRounds "7"]
[EventCountry "DEN"]
[SourceTitle "Live v. Kasper Jerwiarz"]

1. d4 Nf6 2. Nc3 d5 3. e4 Nxe4 4. Nxe4 dxe4 5. Be3 Nd7 6. f3 exf3 7. Nxf3 e6 8. Bd3 Be7 9. Qe2 c5 10. O-O-O cxd4 11. Bxd4 Bf6 12. Bxf6 Qxf6 13. Kb1 O-O 14. h4 Nc5 15. Ng5 Nxd3 16. Rxd3 h6 17. Rf3 Qg6 18. Ne4 f5 19. h5 Qe8 20. Nd6 Qc6 21. Nc4 Qb5 22. b3 b6 23. Rhf1 Bd7 24. a4 Qa6 25. Qe5 Rac8 26. Rg3 Rf7 27. Rd1 Rxc4 28. bxc4 Qxc4 29. Rd4 Qc6 30. Qb8+ Kh7 31. Qxa7 e5 32. Rdd3 Be6 33. Qa6 f4 34. Rc3 Qd5 35. Rgd3 Qa2+ 36. Kc1 Qa1+ 37. Kd2 Bg4 38. Rf3 e4 39. Qxb6 e3+ 40. Kd3 Bf5+ 41. Kc4 e2 42. Rce3 fxe3 43. Rxf5 Qa2+ 44. Kd3 e1=Q 45. Rxf7 Qd2+ 46. Ke4 Qad5+ 47. Kf4 Qxf7+ 48. Kg3 Qdf2+ 49. Kg4 Q7f5# 0-1

[Event "DM Kandidatklassen 2026"]
[Site "Svendborg"]
[Date "2026.04.03"]
[Round "4.12"]
[White "Durrfeld, Sofie Bech"]
[Black "Shajan, Alan Pattayil"]
[Result "0-1"]
[WhiteElo "2017"]
[BlackElo "1987"]
[WhiteFideId "1451324"]
[BlackFideId "33436134"]
[EventDate "2026.03.31"]
[EventType "swiss"]
[EventRounds "7"]
[EventCountry "DEN"]
[SourceTitle "Live v. Kasper Jerwiarz"]

1. e4 c6 2. d4 d5 3. Nc3 dxe4 4. Nxe4 Bf5 5. Ng3 Bg6 6. h4 h6 7. N1e2 Nf6 8. Nf4 Bh7 9. Bc4 e6 10. O-O Bd6 11. Re1 O-O 12. Ngh5 Nxh5 13. Nxh5 Bg6 14. Qg4 Qa5 15. Re5 Bxe5 16. dxe5 Qe1+ 17. Kh2 Qxe5+ 18. Nf4 Nd7 19. Qg3 Nf6 20. Be3 Nd5 21. h5 Nxf4 22. hxg6 Nxg6 23. f4 Qh5+ 24. Kg1 Rfd8 25. Bd3 Ne7 26. Qf2 Nd5 27. Bd4 c5 28. Be2 Qf5 29. Be5 Qxc2 30. Qg3 Qg6 31. Qh3 Qe4 32. Qg4 Qg6 33. Qh3 Nf6 34. Rf1 Rd2 35. Qe3 Rad8 36. Bc3 R2d7 37. Qh3 Ne4 38. f5 exf5 39. Be5 Rd2 40. Bh5 Qe6 41. Rxf5 g6 42. Qe3 Qxf5 0-1

[Event "DM Kandidatklassen 2026"]
[Site "Svendborg"]
[Date "2026.04.04"]
[Round "5.1"]
[White "Veiergang, Oscar Jacob"]
[Black "Li, Anna Sofie"]
[Result "1/2-1/2"]
[WhiteElo "2189"]
[BlackElo "2047"]
[WhiteFideId "1470183"]
[BlackFideId "1472119"]
[EventDate "2026.03.31"]
[EventType "swiss"]
[EventRounds "7"]
[EventCountry "DEN"]
[SourceTitle "Live v. Kasper Jerwiarz"]

1. e4 e5 2. Nf3 Nc6 3. Bb5 a6 4. Bxc6 dxc6 5. Nc3 Bd6 6. d4 exd4 7. Qxd4 f6 8. Be3 Ne7 9. O-O-O b5 10. e5 fxe5 11. Nxe5 O-O 12. Nxc6 Nxc6 13. Qd5+ Kh8 14. Qxc6 Rb8 15. Qd5 Bb7 16. Qd3 Qe7 17. h4 Rbd8 18. Rhe1 Qxh4 19. Rh1 Be7 20. Rxh4 Rxd3 21. Rxd3 Bxh4 22. g3 Be7 23. Bf4 Bc5 24. Rd7 Bxf2 25. Be5 Be3+ 26. Kd1 Bh6 27. Rxc7 Bf3+ 28. Ke1 b4 29. Na4 Re8 30. Kf2 Bg4 31. Rb7 Kg8 32. Rb8 Rxb8 33. Bxb8 Bd7 34. Nc5 Bb5 35. Nd3 Bxd3 36. cxd3 g6 37. b3 Kf7 38. Kf3 Bf8 39. Kf4 Ke6 40. Kg5 Kd5 41. Ba7 Bd6 42. Bf2 Bf8 43. Kf6 Bh6 44. Be1 Kd4 45. Bxb4 Kxd3 46. Bd6 Kc3 47. Be5+ Kb4 48. Bd6+ Kc3 49. Be5+ Kb4 50. Bd6+ Kc3 1/2-1/2

[Event "DM Kandidatklassen 2026"]
[Site "Svendborg"]
[Date "2026.04.04"]
[Round "5.2"]
[White "Skovgaard, Andreas"]
[Black "Jarlskov, Daniel Tuk Hartso"]
[Result "1-0"]
[WhiteElo "2148"]
[BlackElo "2199"]
[WhiteFideId "1450760"]
[BlackFideId "1463896"]
[EventDate "2026.03.31"]
[EventType "swiss"]
[EventRounds "7"]
[EventCountry "DEN"]
[SourceTitle "Live v. Kasper Jerwiarz"]

1. d4 d5 2. c4 e6 3. Nc3 c5 4. e3 cxd4 5. exd4 Nf6 6. Nf3 Nc6 7. a3 Be7 8. c5 a5 9. Na4 Ne4 10. Bb5 Bd7 11. Nb6 Ra7 12. Nxd7 Qxd7 13. Ne5 Qc8 14. Qa4 O-O 15. Bxc6 bxc6 16. Nxc6 Qd7 17. Nxe7+ Qxe7 18. O-O h6 19. f3 Nf6 20. Bf4 Qb7 21. Rab1 Rc8 22. Rfc1 Ra6 23. Qd1 a4 24. b4 axb3 25. Rxb3 Qa8 26. Rcb1 Nd7 27. Rb7 e5 28. Bg3 Ra7 29. Qb3 exd4 30. Qxd5 Rxb7 31. Rxb7 Rxc5 32. Qxd7 Rc1+ 33. Kf2 Rc2+ 34. Kf1 Qa6+ 35. Qb5 Rc1+ 36. Be1 Qe6 37. Rb8+ Kh7 38. Qe2 Qg6 39. Qe4 f5 40. Qd5 Qg5 41. Qg8+ Kg6 42. Rb6+ Kh5 43. Qf7+ g6 44. g4+ 1-0

[Event "DM Kandidatklassen 2026"]
[Site "Svendborg"]
[Date "2026.04.04"]
[Round "5.3"]
[White "Slavensky, Asbjorn Vesterkaer"]
[Black "Haarh, Simon Bjork"]
[Result "0-1"]
[WhiteElo "2103"]
[BlackElo "2205"]
[WhiteFideId "1470094"]
[BlackFideId "1470515"]
[EventDate "2026.03.31"]
[EventType "swiss"]
[EventRounds "7"]
[EventCountry "DEN"]
[SourceTitle "Live v. Kasper Jerwiarz"]

1. d4 f5 2. Nc3 Nf6 3. Bf4 e6 4. e3 Bb4 5. Bd3 Bxc3+ 6. bxc3 O-O 7. c4 d6 8. Nf3 Qe7 9. O-O Nbd7 10. c5 e5 11. cxd6 cxd6 12. dxe5 dxe5 13. Bg3 g6 14. Bb5 Qc5 15. Qe2 e4 16. Nd4 Nb6 17. Nb3 Qc3 18. Bd6 Rf7 19. Bc5 Be6 20. Bd4 Qc7 21. Nc5 Ng4 22. g3 Bd5 23. c4 Bc6 24. Ne6 Qd6 25. Ng5 Rd7 26. c5 Bxb5 27. Qxb5 Qd5 28. Nh3 Nc4 29. Nf4 Qf7 30. c6 bxc6 31. Qxc6 Re8 32. Bc3 Nce5 33. Qa4 Nf3+ 34. Kg2 g5 35. Nh3 Rc8 36. Rfd1 Rdc7 37. Ba5 Rc2 38. Rd8+ Rxd8 39. Qxc2 Rb8 40. Rd1 h6 41. Rd6 Nfe5 42. Qa4 Rb2 43. Rd8+ Kh7 44. Qd4 Qxa2 45. Bd2 Rb7 46. Qc5 Qf7 47. Rf8 Qe7 48. Qc8 Qd7 49. Rh8+ Kg6 50. Qg8+ Qg7 51. Qe6+ Qf6 52. Qc8 Qf7 53. Bc3 Rc7 54. Qa6+ Rc6 55. Qa1 Nf3 56. Ra8 Rc7 57. Qa6+ Kh5 58. Qa1 Qc4 59. Bg7 Qe2 60. Bd4 Nxd4 61. exd4 Qf3+ 62. Kg1 e3 63. Qf1 exf2+ 0-1

[Event "DM Kandidatklassen 2026"]
[Site "Svendborg"]
[Date "2026.04.04"]
[Round "5.4"]
[White "Iskos, Lukas"]
[Black "Peitersen, Andreas"]
[Result "0-1"]
[WhiteElo "2135"]
[BlackElo "2141"]
[WhiteFideId "1461613"]
[BlackFideId "1479814"]
[EventDate "2026.03.31"]
[EventType "swiss"]
[EventRounds "7"]
[EventCountry "DEN"]
[SourceTitle "Live v. Kasper Jerwiarz"]

1. d4 Nf6 2. Nf3 e6 3. Bf4 b6 4. Nbd2 Bb7 5. e3 d5 6. Bd3 Bd6 7. O-O O-O 8. Qe2 Ne4 9. Rfd1 Nd7 10. c4 Ndf6 11. Ne5 Nxd2 12. Rxd2 Ne4 13. Bxe4 dxe4 14. c5 Bxe5 15. dxe5 Ba6 16. Qd1 Bd3 17. Qg4 f5 18. exf6 Qxf6 19. Bxc7 bxc5 20. Rc1 c4 21. Qg3 Rac8 22. h3 Qf7 23. Be5 Rfd8 24. Rc3 h6 25. Bd4 Rd5 26. b3 Rg5 27. Qh4 Rb8 28. Qf4 Qb7 29. Kh2 e5 30. Bxe5 Rf8 31. Qh4 Rxe5 32. Rd1 Ref5 33. bxc4 Rxf2 34. Qg4 Qc7+ 35. Qg3 Qxg3+ 36. Kxg3 Bf1 37. c5 Rxg2+ 38. Kh4 0-1

[Event "DM Kandidatklassen 2026"]
[Site "Svendborg"]
[Date "2026.04.04"]
[Round "5.5"]
[White "Alzaga, Luis"]
[Black "Lilja, Richard"]
[Result "0-1"]
[WhiteElo "2129"]
[BlackElo "2074"]
[WhiteFideId "1481606"]
[BlackFideId "1403109"]
[EventDate "2026.03.31"]
[EventType "swiss"]
[EventRounds "7"]
[EventCountry "DEN"]
[SourceTitle "Live v. Kasper Jerwiarz"]

1. e4 d6 2. d4 g6 3. Nc3 Bg7 4. Be3 a6 5. Nf3 b5 6. Bd3 Nd7 7. Qd2 Bb7 8. a4 b4 9. Ne2 c5 10. c3 bxc3 11. bxc3 Ngf6 12. Ng3 Ng4 13. O-O Nxe3 14. fxe3 O-O 15. Qa2 e6 16. Rab1 Rb8 17. Nd2 h5 18. Nc4 h4 19. Nh1 Nf6 20. Nxd6 Qxd6 21. e5 Qd5 22. c4 Qd8 23. exf6 Bxf6 24. d5 exd5 25. cxd5 Qd6 26. e4 Be5 27. Nf2 Bxh2+ 28. Kh1 Be5 29. Ng4 Bd4 30. Qd2 Bc8 31. Rxb8 Qxb8 32. Nf6+ Bxf6 33. Rxf6 h3 34. gxh3 Qg3 35. Qh6 Bxh3 36. Bf1 Bxf1 37. Rxf1 c4 38. Qh2 Qd3 39. Qf4 c3 40. Qf3 Qxf3+ 41. Rxf3 Rc8 42. Rf1 Rc4 43. Rc1 Rxe4 44. Rxc3 Rxa4 45. Rd3 Kf8 46. d6 Ke8 47. Re3+ Kd7 48. Re7+ Kxd6 49. Rxf7 Ke6 50. Rc7 Ra2 51. Rc6+ Kf5 52. Rc5+ Kg4 53. Rc4+ Kh5 54. Rc8 g5 55. Rh8+ Kg4 56. Rc8 a5 57. Kg1 Kg3 58. Rc3+ Kh4 59. Rc4+ g4 60. Rc3 a4 61. Rd3 a3 62. Rc3 g3 63. Rc8 Rb2 64. Rh8+ Kg4 65. Rf8 a2 66. Ra8 Kf4 67. Ra4+ Ke5 68. Ra5+ Kd6 69. Ra6+ Kc7 0-1

[Event "DM Kandidatklassen 2026"]
[Site "Svendborg"]
[Date "2026.04.04"]
[Round "5.6"]
[White "Snedker, Oliver Kaehne"]
[Black "Skjoldager, Per"]
[Result "1/2-1/2"]
[WhiteElo "2014"]
[BlackElo "2159"]
[WhiteFideId "1470051"]
[BlackFideId "1408828"]
[EventDate "2026.03.31"]
[EventType "swiss"]
[EventRounds "7"]
[EventCountry "DEN"]
[SourceTitle "Live v. Kasper Jerwiarz"]

1. e4 c5 2. Nf3 d6 3. d4 cxd4 4. Nxd4 Nf6 5. Nc3 g6 6. Be3 Bg7 7. f3 O-O 8. Qd2 Nc6 9. O-O-O d5 10. exd5 Nxd5 11. Nxc6 bxc6 12. Bd4 Bxd4 13. Qxd4 Qb6 14. Na4 Qc7 15. Bd3 Rd8 16. Be4 Bb7 17. Nc5 e5 18. Qf2 Qb6 19. Rhf1 Ba6 20. Bd3 Nb4 21. Nxa6 Nxd3+ 22. Rxd3 Rxd3 23. Qxb6 axb6 24. cxd3 Rxa6 25. a3 Ra5 1/2-1/2

[Event "DM Kandidatklassen 2026"]
[Site "Svendborg"]
[Date "2026.04.04"]
[Round "5.7"]
[White "Skytte, Robert"]
[Black "Thuesen, Mogens Henrik"]
[Result "0-1"]
[WhiteElo "2009"]
[BlackElo "2056"]
[WhiteFideId "1471775"]
[BlackFideId "1400878"]
[EventDate "2026.03.31"]
[EventType "swiss"]
[EventRounds "7"]
[EventCountry "DEN"]
[SourceTitle "Live v. Kasper Jerwiarz"]

1. e4 e6 2. d4 d5 3. Nc3 Nf6 4. e5 Nfd7 5. f4 c5 6. Nf3 Nc6 7. Be3 h6 8. a3 g5 9. f5 g4 10. fxe6 fxe6 11. Bd3 Qe7 12. Ng5 hxg5 13. Qxg4 Rh4 14. Qxg5 cxd4 15. Nxd5 exd5 16. Qg6+ Qf7 17. e6 Qxg6 18. Bxg6+ Kd8 19. Bg5+ Be7 20. Bxh4 Bxh4+ 21. g3 Nf8 22. gxh4 Nxg6 23. h5 Nge5 24. Rg1 Nf3+ 25. Kf2 Nxg1 26. Rxg1 Bxe6 27. Rg7 Ne7 0-1

[Event "DM Kandidatklassen 2026"]
[Site "Svendborg"]
[Date "2026.04.04"]
[Round "5.8"]
[White "Boje, Tobias Rosholm"]
[Black "Nielsen Refs, Karl Emil Elmer"]
[Result "1/2-1/2"]
[WhiteElo "2130"]
[BlackElo "2161"]
[WhiteFideId "1413643"]
[BlackFideId "1452797"]
[EventDate "2026.03.31"]
[EventType "swiss"]
[EventRounds "7"]
[EventCountry "DEN"]
[SourceTitle "Live v. Kasper Jerwiarz"]

1. e4 c5 2. Nf3 Nc6 3. Bb5 g6 4. O-O Bg7 5. Re1 Nf6 6. c3 O-O 7. d4 d5 8. e5 Ne4 9. Be3 Rb8 10. Qe2 f6 11. exf6 Bxf6 12. dxc5 Bg4 13. h3 Bxf3 14. gxf3 Ng5 15. Bxg5 Bxg5 16. Nd2 e5 17. Nf1 Bf4 18. Ng3 Qg5 19. Kg2 h5 20. h4 Qxh4 21. Rg1 Rf6 22. Qd3 Ne7 23. Kf1 Rbf8 24. Ke2 Bh6 25. Rh1 Qf4 26. Nxh5 gxh5 27. Rag1+ Kf7 28. Bd7 e4 29. fxe4 Qxf2+ 30. Kd1 Rf3 31. Qe2 Qxe2+ 32. Kxe2 dxe4 33. Rxh5 Re3+ 34. Kf2 Rf3+ 35. Ke2 Rg8 36. Rgh1 Rg2+ 37. Ke1 Bg7 38. R5h2 Re3+ 39. Kf1 Rxh2 40. Rxh2 Rd3 41. Bb5 Rf3+ 42. Ke2 Ke6 43. Bc4+ Ke5 44. a4 Nf5 45. a5 Ng3+ 46. Ke1 e3 47. a6 bxa6 48. Bxa6 Rf2 49. Rxf2 exf2+ 50. Kxf2 Ne4+ 51. Ke2 Nxc5 52. Bb5 Bh6 53. Kd1 Ke4 54. Kc2 Ke3 55. Bc4 Bg7 56. Bf1 Bf6 57. Bc4 Nb7 58. Bd5 Nd6 59. Bg8 Ne4 60. Bh7 Nd2 61. Bg8 Nf3 62. Bh7 Ne1+ 63. Kd1 Ng2 64. Bg8 Kf2 65. Kc2 Ke1 66. Bf7 Bg5 67. Bh5 Bh6 68. Bf3 Kf2 69. Bh5 Bg5 70. Bf7 Ke2 71. Bh5+ Ke3 72. Bg6 Bh4 73. Bf5 Bf2 74. Bg6 Ne1+ 75. Kd1 Nf3 76. Kc2 Ne5 77. Bh5 Bg3 78. Be8 Ke2 79. Bh5+ Ke1 80. Be8 Bf4 81. Bh5 Nc4 82. Bf3 Bg5 83. Bh5 Kf2 84. Be8 Ne3+ 85. Kd3 Ke1 86. Bh5 Bh6 87. Bf3 Nf5 88. Kc2 Ne3+ 89. Kd3 Nd1 90. Kc2 Nf2 91. Bh5 Bd2 92. Bf3 Nh3 93. Bh5 Nf4 94. Bf3 Be3 95. Bg4 Nd5 96. Bh5 Nb6 97. Bf7 Nc8 98. Bh5 Nd6 99. Bg6 Bf4 100. Bh5 Nf5 101. Bf3 Kf2 1/2-1/2

[Event "DM Kandidatklassen 2026"]
[Site "Svendborg"]
[Date "2026.04.04"]
[Round "5.9"]
[White "Sorensen, Michael D F"]
[Black "Zander, Emil"]
[Result "0-1"]
[WhiteElo "2041"]
[BlackElo "2205"]
[WhiteFideId "1404660"]
[BlackFideId "1467123"]
[EventDate "2026.03.31"]
[EventType "swiss"]
[EventRounds "7"]
[EventCountry "DEN"]
[SourceTitle "Live v. Kasper Jerwiarz"]

1. d4 Nf6 2. c4 e6 3. Nf3 d5 4. g3 Be7 5. Bg2 Ne4 6. O-O f5 7. b3 Nc6 8. Ba3 Nb4 9. Ne5 O-O 10. f3 Nf6 11. Qd2 a5 12. c5 Nd7 13. Nxd7 Bxd7 14. Bxb4 axb4 15. Qxb4 b6 16. a4 Rb8 17. Qa3 bxc5 18. dxc5 Bf6 19. Ra2 Bd4+ 20. Kh1 f4 21. Rd1 e5 22. Rxd4 exd4 23. Nd2 Re8 24. Nf1 c6 25. Rd2 Qa5 26. Rxd4 Qe1 27. Rd2 Rxe2 28. Rxe2 Qxe2 29. Kg1 Qd3 30. Qc1 Qd4+ 31. Kh1 Rxb3 32. Qe1 Qxc5 33. Qe5 Rb1 34. Qg5 Qe3 35. Qd8+ Qe8 36. Qg5 h6 37. Qxf4 Qe2 38. Qb8+ 0-1

[Event "DM Kandidatklassen 2026"]
[Site "Svendborg"]
[Date "2026.04.04"]
[Round "5.10"]
[White "Pirtac, Alexandru"]
[Black "Gregor, Bjarke"]
[Result "1-0"]
[WhiteElo "2027"]
[BlackElo "2121"]
[WhiteFideId "13912143"]
[BlackFideId "1423401"]
[EventDate "2026.03.31"]
[EventType "swiss"]
[EventRounds "7"]
[EventCountry "DEN"]
[SourceTitle "Live v. Kasper Jerwiarz"]

1. e4 c6 2. d4 d5 3. Nc3 dxe4 4. Nxe4 Nf6 5. Nxf6+ exf6 6. c3 Bd6 7. Bd3 O-O 8. Qc2 Re8+ 9. Ne2 h5 10. Be3 Nd7 11. O-O-O b5 12. Ng3 Nb6 13. Ne4 Be6 14. g4 hxg4 15. h3 g3 16. Rdg1 Bd5 17. Nxg3 Bxg3 18. Rxg3 Bxh1 19. Bh6 g5 20. h4 Qd6 21. Qd2 Nc4 22. Rxg5+ fxg5 23. Qxg5+ Qg6 24. Bxg6 Re1+ 25. Kc2 Re2+ 26. Kd1 Rd2+ 27. Kc1 1-0

[Event "DM Kandidatklassen 2026"]
[Site "Svendborg"]
[Date "2026.04.04"]
[Round "5.11"]
[White "Shajan, Alan Pattayil"]
[Black "Jacobsen, Samuel Bro"]
[Result "1-0"]
[WhiteElo "1987"]
[BlackElo "2099"]
[WhiteFideId "33436134"]
[BlackFideId "1480740"]
[EventDate "2026.03.31"]
[EventType "swiss"]
[EventRounds "7"]
[EventCountry "DEN"]
[SourceTitle "Live v. Kasper Jerwiarz"]

1. d4 Nf6 2. c4 e6 3. Nf3 d5 4. g3 Be7 5. Bg2 O-O 6. O-O b6 7. cxd5 exd5 8. Bf4 Bb7 9. Nc3 c6 10. Qb3 Nbd7 11. Rfd1 Re8 12. Rac1 Rc8 13. a3 b5 14. e4 Nxe4 15. Nxe4 dxe4 16. Ne5 Nxe5 17. dxe5 Qb6 18. Bxe4 c5 19. Bxb7 Qxb7 20. Rd5 Red8 21. Rcd1 h6 22. e6 Qa8 23. Rd7 c4 24. exf7+ Kf8 25. Qe3 Rxd7 26. Rxd7 Bc5 27. Qe6 Rc6 28. Qd5 1-0

[Event "DM Kandidatklassen 2026"]
[Site "Svendborg"]
[Date "2026.04.04"]
[Round "5.12"]
[White "Fyhn, Buster Hulthin"]
[Black "Durrfeld, Sofie Bech"]
[Result "1/2-1/2"]
[WhiteElo "2050"]
[BlackElo "2017"]
[WhiteFideId "1481800"]
[BlackFideId "1451324"]
[EventDate "2026.03.31"]
[EventType "swiss"]
[EventRounds "7"]
[EventCountry "DEN"]
[SourceTitle "Live v. Kasper Jerwiarz"]

1. e4 c5 2. Nf3 Nc6 3. Bb5 g6 4. O-O Bg7 5. Re1 e5 6. Bxc6 dxc6 7. d3 Qe7 8. a3 Nf6 9. b4 cxb4 10. axb4 O-O 11. c3 Rd8 12. Qc2 Bg4 13. Nbd2 Ne8 14. h3 Be6 15. Nf1 f6 16. Be3 b6 17. Ra4 c5 18. bxc5 bxc5 19. Rea1 Rdb8 20. N1d2 f5 21. Ra5 Rc8 22. exf5 gxf5 23. Nb3 c4 24. dxc4 Rc7 25. Nxe5 Nd6 26. Nd2 Nb7 27. Rb5 Nd6 28. Rba5 Nb7 29. Rb5 Nd6 30. Ndf3 Nxb5 31. cxb5 Bd5 32. Bd4 Be4 33. Qb3+ Kh8 34. Nc6 Bxc6 35. bxc6 Bxd4 36. Nxd4 Qe4 37. Qb1 Qe5 38. Qe1 Re8 39. Qxe5+ Rxe5 40. Ra6 Rc5 41. Ne6 R5xc6 42. Nxc7 Rxc7 43. Ra3 Kg7 44. Kf1 Kg6 45. Ke2 Kg5 46. g3 Kg6 47. Ra6+ Kg5 48. Kd3 h6 49. f4+ Kh5 50. Rf6 Rd7+ 51. Kc4 Rc7+ 52. Kd4 Rd7+ 53. Ke5 Rd3 54. Rxf5+ Kg6 55. Rf6+ Kg7 56. Ra6 Rxg3 57. Rxa7+ Kg6 58. f5+ Kh5 59. Ra4 Rxh3 60. f6 Rf3 61. Ke6 Kg6 62. Rg4+ Kh5 63. Rg1 Rxc3 64. Kf7 Kh4 65. Rh1+ Kg5 66. Kg7 h5 67. f7 Rf3 68. f8=Q Rxf8 69. Kxf8 h4 70. Kf7 Kg4 71. Ke6 h3 72. Rg1+ Kf3 73. Kf5 h2 74. Ra1 Kg2 75. Kg4 h1=Q 76. Ra2+ Kf1 77. Ra1+ Kg2 78. Rxh1 Kxh1 1/2-1/2

[Event "DM Kandidatklassen 2026"]
[Site "Svendborg"]
[Date "2026.04.05"]
[Round "6.1"]
[White "Veiergang, Oscar Jacob"]
[Black "Skovgaard, Andreas"]
[Result "1-0"]
[WhiteElo "2189"]
[BlackElo "2148"]
[WhiteFideId "1470183"]
[BlackFideId "1450760"]
[EventDate "2026.03.31"]
[EventType "swiss"]
[EventRounds "7"]
[EventCountry "DEN"]
[SourceTitle "Live v. Kasper Jerwiarz"]

1. e4 c5 2. Nf3 d6 3. d4 cxd4 4. Nxd4 Nf6 5. Nc3 a6 6. Bg5 e6 7. f4 Qc7 8. Qf3 b5 9. O-O-O b4 10. Nd5 exd5 11. Bxf6 gxf6 12. exd5 Kd8 13. Bd3 Be7 14. Qh5 Rf8 15. Rhe1 Qc5 16. Bxh7 Ra7 17. Qh6 Re8 18. Qg7 Rc7 19. Qxf7 Qc4 20. Bg6 Rf8 21. Qg7 Qxd5 22. Rxe7 Rg8 23. Qf7 Qxf7 24. Bxf7 Rxg2 25. Re8+ Kd7 26. Rde1 Nc6 27. Bd5 Ne5 28. Bxg2 Kxe8 29. fxe5 dxe5 30. Nb3 Kf7 31. Kd2 Bf5 32. Be4 Bg4 33. Bd3 Rc6 34. Re4 Be6 35. h4 Rb6 36. h5 Rd6 37. h6 Bf5 38. Rh4 Bh7 39. Ke3 Kg8 40. Bxh7+ Kxh7 41. Rxb4 Kxh6 42. Rg4 Rd1 43. Nd2 Re1+ 44. Kd3 f5 45. Rg2 Rd1 46. c4 Rc1 47. Re2 e4+ 48. Nxe4 fxe4+ 49. Rxe4 Rd1+ 50. Kc2 Rd6 51. b4 1-0